1751 1305 1927 1697 1381 1954 1350 1823 1948 1520 1610 1685 1584 1271 1567 1455 1142 1458 1307 1987 1584 1829 1149 1503 1714 1338 1571 1914 1645 1999 1270 1529 1214 1480 1141 1209 1406 1661 1690 1652 1186 1727 1013 1912 1826 1871 1363 1507 1386 1098 1453 1254 1345 1416 1078 1439 1058 1021 1807 1731 1844 1728 1000 1785 1222 1915 1189 1536 1083 1570 1019 1426 1174 1150 1382 1613 1482 1433 1577 1870 1099 1476 1955 1824 1964 1200 1401 1061 1074 1556 1092 1683 1510 1058 1333 1887 1714 1721 1374 BCNSPRNW ULIB Ver.6.0+V

เปลี่ยนเป็นภาษาไทย

Change to English
 แสดงรายละเอียดบรรณานุกรม
  กลับหน้าหลัก

Brief Record : Get Marc (ISO 2709) : E-mail record : QR code < ปิดหน้าต่าง
LEADER : 00000nam 2200000uu 4500
001    13399127676
003     ULIB
008    210331s2561||||th 000 0 tha d
020    ^a9786167741390
060 04 ^aWV100^bต367
245 00 ^aตำราโสต ศอ นาสิกวิทยา /^cบรรณาธิการ, จิระพงษ์ อังคะรา
250    ^aพิมพ์ครั้งที่ 1.
260    ^aกรุงเทพฯ :^bภาควิชาโสต ศอ นาสิกวิทยา คณะแพทยศาสตร์โรงพยาบาลรามาธิบดี มหาวิทยาลัยมหิดล,^c2561.
300    ^a[12], 604 หน้า :^bภาพประกอบ (สีบางภาพ) ;^c27 ซม.
504    ^aบรรณานุกรม และดัชนี
650  7 ^aหูคอจมูกและกล่องเสียง, โรค
650  7 ^aโสตนาสิกลาริงซ์วิทยา
650  2 ^aOtorhinolaryngologic Diseases.
700 0  ^aจิระพงษ์ อังคะรา,^eบรรณาธิการ
710 2  ^aมหาวิทยาลัยมหิดล. ^bคณะแพทยศาสตร์โรงพยาบาลรามาธิบดี. ^bภาควิชาโสต ศอ นาสิกวิทยา.
945    ^p500^l0^i28852
945    ^p500^l0^i28853
999    ^aกัณชพร จุลอักษร
รายการนี้ยังไม่มีแท็ก
คุณยังไม่ได้ล็อกอิน คุณสามารถมีกิจกรรมร่วมกับเว็บไซต์ได้ แต่ต้องล็อกอินก่อน ::
  ล็อกอิน

รายการสื่อสารสนเทศ

ลำดับที่ ประเภท เลขเรียก/บาร์โค้ด สถานที่ สถานะ
1. วิทยาศาสตร์การแพทย์ และสุขภาพ
วิทยาศาสตร์การแพทย์ และสุขภาพ
WV100 ต367 ฉ.1 
  Barcode: 28852
ห้องสมุดวิทยาเขตนครสวรรค์
►หนังสือทั่วไป:l:General Books
บนชั้น
2. วิทยาศาสตร์การแพทย์ และสุขภาพ
วิทยาศาสตร์การแพทย์ และสุขภาพ
WV100 ต367 ฉ.2 
  Barcode: 28853
ห้องสมุดวิทยาเขตนครสวรรค์
►หนังสือทั่วไป:l:General Books
ถูกยืม กำหนดส่งวันที่ 7 มิถุนายน 2569
  จอง

รายการใกล้เคียง
    หัวเรื่อง [หูคอจมูกและกล่องเสียง, โรค]
    หัวเรื่อง [โสตนาสิกลาริงซ์วิทยา]
    หัวเรื่อง [Otorhinolaryngologic Diseases.]

BibComment


ยังไม่เคยถูกคอมเมนท์

คอมเมนท์ทรัพยากรรายการนี้
  คอมเมนท์: ตำราโสต ศอ นาสิก..


 Copyright 2026. Bcnsprnw @Library